quel personnage harry potter es tu - Statistiques

Statistiques générales
  • Ce quiz a été pris 1 842 fois
  • Le résultat moyen est 3 sur 10
Statistiques - réponses
Question Réponse % Correct
quel est ton animal préféré le chat
67%
dans quel maison de poudlard aimerais tu être griffondor
51%
tu aimerais que tes amis te traite de de simple et de gentil
45%
journée shopping tu ramenne quoi une baguette
44%
quel liquide choisis tu le liquide qui te sembles normal
34%
quel sont tes objestifs avoir de bonne nôtes
32%
quel baguette préfères tu celle d'Hermione
32%
quel est ton personnage préféré Harry Potter
26%
quel est ta passion étudier
6%
quel est ta famille préféré la famille Granger
4%
Aucun quiz correspondant
Distribution des résultats
% des personnes avec chaque résultat
Percentile par nombre de réponses
Votre historique - résultats
Vous n’avez pas pris ce quiz